• 首页
  • 本馆介绍
  • 公告通知
  • 最新文献
  • 馆藏检索
  • 电子资源
  • 读者导购
  • 参考咨询
  • 我的图书馆
  • 登录
  • 详细信息显示
  • 放入我的书架
  • 预约/预借图书
  • 作者相关作品
  • 分类相关作品
  • 丛书相关作品
  • 出版社相关作品

书目信息

  • 表格格式
  • 工作单格式
  • 卡片格式
题名:
川大史学
    
 
作者: 彭裕商 , 舒大刚 主编
分册: 第二辑   历史文献学卷
出版信息: 成都   四川大学出版社  2016
页数: 10,578页
开本: 21cm
丛书名:
单 册:
中图分类: K0-53 , G257.33-53
科图分类:
主题词: 史学--shi xue--文集 , 史籍--shi ji--文献学--中国--文集
电子资源:
ISBN: 978-7-5614-9858-3
000 01071nam0 22002771 450
001 1752588719
005 20170602161306.0
010    @a978-7-5614-9858-3@dCNY48.00
100    @a20161117d2016 em y0chiy50 ea
101 0  @achi
102    @aCN@b510000
105    @ay z 000yy
106    @ar
200 1  @a川大史学@Achuan da shi xue@h第二辑@i历史文献学卷@f彭裕商,舒大刚主编
210    @a成都@c四川大学出版社@d2016
215    @a10,578页@d21cm
304    @a英文共同题名:Historical studies at Sichuan University collection II: 2006-2016
330    @a本书收录了2006年至2016年10年来川大历史学院老师发表的关于历史文献学的文章,分为儒学文献研究、出土文献研究、宋代文献研究、巴蜀文献研究、其他文献研究五个类别,展现了10年来川大历史文献学学科建设与发展的成果。
606 0  @a史学@Ashi xue@j文集
606 0  @a史籍@Ashi ji@x文献学@y中国@j文集
690    @aK0-53@v5
690    @aG257.33-53@v5
701  0 @a彭裕商@Apeng yu shang@f(1949~)@4主编
701  0 @a舒大刚@Ashu da gang@f(1959~)@4主编
801  0 @aCN@bTANG WEI@c20170601
905    @b0971908-12@dK0-53@e115@f5
    
    川大史学.第二辑.历史文献学卷/彭裕商,舒大刚主编.-成都:四川大学出版社,2016
    10,578页;21cm
    
    
    ISBN 978-7-5614-9858-3:CNY48.00
    本书收录了2006年至2016年10年来川大历史学院老师发表的关于历史文献学的文章,分为儒学文献研究、出土文献研究、宋代文献研究、巴蜀文献研究、其他文献研究五个类别,展现了10年来川大历史文献学学科建设与发展的成果。
●
相关链接 在E读中查询图书 在五车中查询图书 在当当中查询图书 在豆瓣中查询图书


正题名:川大史学     索取号:K0-53/115         预约/预借

序号 登录号 条形码 馆藏地/架位号 状态 备注
1 0971908   209719081   第二样本阅览室/ [索取号:K0-53/115] 在馆    
2 0971909   209719090   第二借阅区/ [索取号:K0-53/115] 在馆    
3 0971910   209719107   第二借阅区/ [索取号:K0-53/115] 在馆    
4 0971911   209719116   第二借阅区/ [索取号:K0-53/115] 在馆    
5 0971912   209719125   密集书库-史法系/ [索取号:K0-53/115] 在馆    
唐山师范学院图书馆 欢迎您!
大连网信软件有限公司© 版权所有